<?xml version="1.0" encoding="UTF-8"?><?xml-stylesheet type="text/xsl" href="static/style.xsl"?><OAI-PMH xmlns="http://www.openarchives.org/OAI/2.0/" xmlns:xsi="http://www.w3.org/2001/XMLSchema-instance" xsi:schemaLocation="http://www.openarchives.org/OAI/2.0/ http://www.openarchives.org/OAI/2.0/OAI-PMH.xsd"><responseDate>2026-04-18T05:19:36Z</responseDate><request verb="GetRecord" identifier="oai:www.recercat.cat:2445/223803" metadataPrefix="marc">https://recercat.cat/oai/request</request><GetRecord><record><header><identifier>oai:recercat.cat:2445/223803</identifier><datestamp>2025-12-10T00:51:07Z</datestamp><setSpec>com_2072_1057</setSpec><setSpec>col_2072_478770</setSpec><setSpec>col_2072_478917</setSpec></header><metadata><record xmlns="http://www.loc.gov/MARC21/slim" xmlns:dcterms="http://purl.org/dc/terms/" xmlns:xsi="http://www.w3.org/2001/XMLSchema-instance" xmlns:doc="http://www.lyncode.com/xoai" xsi:schemaLocation="http://www.loc.gov/MARC21/slim http://www.loc.gov/standards/marcxml/schema/MARC21slim.xsd">
   <leader>00925njm 22002777a 4500</leader>
   <datafield ind2=" " ind1=" " tag="042">
      <subfield code="a">dc</subfield>
   </datafield>
   <datafield ind2=" " ind1=" " tag="720">
      <subfield code="a">Domínguez Ruiz, Ignacio Elpidio</subfield>
      <subfield code="e">author</subfield>
   </datafield>
   <datafield ind2=" " ind1=" " tag="260">
      <subfield code="c">2025-10-22T06:55:39Z</subfield>
   </datafield>
   <datafield ind2=" " ind1=" " tag="260">
      <subfield code="c">2025-10-22T06:55:39Z</subfield>
   </datafield>
   <datafield ind2=" " ind1=" " tag="260">
      <subfield code="c">2021-09-17</subfield>
   </datafield>
   <datafield ind2=" " ind1=" " tag="260">
      <subfield code="c">2025-10-22T06:54:52Z</subfield>
   </datafield>
   <datafield ind2=" " ind1=" " tag="520">
      <subfield code="a">[cat] La celebració del World Pride 2017 a Madrid, una mena d'Orgull LGTBI global, va definir un nou equilibri entre els espais simbòlics i les organitzacions vinculades a l'esdeveniment. Aquest article es nodreix d'un treball de camp etnogràfic desenvolupat dins l'activisme LGTBI i l'administració local, amb accés íntim a l'organització del megaesdeveniment. L'anàlisi se centra en l'ampliació dels contextos activistes i geogràfics habituals de l'Orgull de Madrid al voltant de la festa del 2017. L'Ajuntament de Madrid 2015-2019, mitjançant noves eines de patrocini i de coordinació, va afavorir un esdeveniment on el conegut barri de Chueca i les organitzacions activistes habituals van continuar sent el territori i els agents principals, però alhora espais nous i associacions crítiques rebien també finançament i visibilitat, en desconcentrar conscientment les celebracions i les activitats.</subfield>
   </datafield>
   <datafield ind2=" " ind1=" " tag="520">
      <subfield code="a">[esp] La celebración del World Pride 2017 en Madrid, una especie de Orgullo LGTBI global, definió un nuevo equilibrio entre los espacios simbólicos y las organizaciones vinculadas &#xd;
al evento. Este artículo se nutre de un trabajo de campo etnográfico desarrollado dentro del activismo LGTBI y la administración local, con acceso íntimo a la organización del &#xd;
megaevento. El análisis se centra en la ampliación de los contextos activistas y geográficos habituales del Orgullo de Madrid en torno a la fiesta de 2017. El Ayuntamiento de Madrid 2015-2019, mediante nuevas herramientas de patrocinio y de coordinación, favoreció un evento en el que el conocido barrio de Chueca y las organizaciones activistas habituales siguieron siendo el territorio y los agentes principales, al mismo tiempo que otros nuevos o críticos recibían financiación y visibilidad, al desconcentrar conscientemente las celebraciones y actividades.</subfield>
   </datafield>
   <datafield ind2=" " ind1=" " tag="520">
      <subfield code="a">[fra] La célébration du World Pride 2017 à Madrid, une sorte de marche des fiertés LGBT mon diale, a défini un nouvel équilibre entre les espaces symboliques et les organisations liées à &#xd;
l’évènement. Cet article utilise le travail de camp développé au sein de l’activisme LGBT &#xd;
et de l’administration locale, avec un accès intime à l’organisation du méga-événement. &#xd;
L’analyse se concentre sur l’extension des contextes militants et géographiques habituels &#xd;
de la marche des fiertés de Madrid autour de l’événement de 2017. La mairie de Madrid &#xd;
2015-2019 a utilisé de nouveaux outils de parrainage et organisationnels pour promouvoir &#xd;
un évènement où le quartier gay de Chueca et les organisations habituelles ont continué &#xd;
à constituer le territoire et les agents principaux, en même temps que des organisations &#xd;
nouvelles ou critiques ont reçu financement et visibilité grâce à une déconcentration &#xd;
consciente des fêtes et des activités.</subfield>
   </datafield>
   <datafield ind2=" " ind1=" " tag="520">
      <subfield code="a">[eng] The celebration of World Pride 2017 in Madrid, a sort of global LGBT Pride event, &#xd;
defined a new balance between the symbolic spaces and the organizations linked to the &#xd;
event. This article draws from ethnographic fieldwork undertaken within LGBT activism &#xd;
and the local administration, with close access to the mega-event’s organization. The analy sis focuses on the extension of the frequent activist and geographical contexts of Madrid &#xd;
Pride in the 2017 event. Madrid’s 2015-2019 City Council, by using new sponsorship &#xd;
and coordination tools, promoted an event in which the well-known neighbourhood of &#xd;
Chueca and the frequent activist organizations were still the main territory and agents, &#xd;
while at the same time new or critical ones received financing and visibility, via a conscious &#xd;
deconcentration of festivities and activities.</subfield>
   </datafield>
   <datafield tag="653" ind2=" " ind1=" ">
      <subfield code="a">Estudis lèsbics i gais</subfield>
   </datafield>
   <datafield tag="653" ind2=" " ind1=" ">
      <subfield code="a">Organització d'esdeveniments</subfield>
   </datafield>
   <datafield tag="653" ind2=" " ind1=" ">
      <subfield code="a">Madrid (Madrid)</subfield>
   </datafield>
   <datafield tag="653" ind2=" " ind1=" ">
      <subfield code="a">Gay and lesbian studies</subfield>
   </datafield>
   <datafield tag="653" ind2=" " ind1=" ">
      <subfield code="a">Event management</subfield>
   </datafield>
   <datafield tag="653" ind2=" " ind1=" ">
      <subfield code="a">Madrid (Madrid)</subfield>
   </datafield>
   <datafield ind2="0" ind1="0" tag="245">
      <subfield code="a">De dins cap enfora i a l'inrevés: espais geogràfics i activistes al voltant del World Pride 2017</subfield>
   </datafield>
   <datafield ind2="0" ind1="0" tag="245">
      <subfield code="a">De dentro hacia afuera y al revés: espacios geográficos y activistas alrededor del World Pride 2017</subfield>
   </datafield>
   <datafield ind2="0" ind1="0" tag="245">
      <subfield code="a">De l’intérieur vers l’extérieur et vice versa : espaces géographiques et militants autour &#xd;
du World Pride 2017</subfield>
   </datafield>
   <datafield ind2="0" ind1="0" tag="245">
      <subfield code="a">From the inside to the outside and vice versa: Geographical and activist spaces around &#xd;
World Pride 2017</subfield>
   </datafield>
</record></metadata></record></GetRecord></OAI-PMH>